Представление документа в формате MARC21

Поле Инд. ПП Название Значение
Тип записи a
Библиографический уровень b
001 Контрольный номер RU/IS/BASE/220460383
005 Дата корректировки 20220715140324.6
008 Кодируемые данные 20061226
040 b Код языка каталог. rus
e Правила каталог. PSBO
041 0_ a Код языка текста rus
084 a Индекс другой классификации/Индекс ББК 60.561.22; 60.545.1
100 1_ a Автор Коньков А. Т.
245 10 a Заглавие Социальный капитал и эффективный бизнес: анализ предпринимательского успеха национальных меньшинств
504 a Библиография Библиогр. ссылки. - Примеч.
650 a Основная рубрика социология
a Основная рубрика экономическая социология
a Основная рубрика этносоциология
a Основная рубрика социология групп
653 a Ключевые слова деловая культура
a Ключевые слова китайские предприниматели
a Ключевые слова корейские предприниматели
a Ключевые слова культура предпринимательства
a Ключевые слова национальные меньшинства
a Ключевые слова предпринимательство
a Ключевые слова социальный капитал
a Ключевые слова этика предпринимательства
a Ключевые слова этническое предпринимательство
a Ключевые слова эффективность бизнеса
a Ключевые слова японские предприниматели
773 0_ t Заглавие источника Вестник Московского университета. Серия 18, Социология и политология
d Дата издания источника 2006
g Прочая информация № 4. - С. 133 - 152
w Контрольный № источника RU/IS/BASE/219330550
901 t Тип документа b